[Event "Juvisy sur Orge (Women)"]
[Site "Juvisy sur Orge"]
[Date "2023.07.27"]
[Round "7"]
[White "Fonte Sanchez, Paula"]
[Black "Lazo, Andrei"]
[Result "0-1"]
[WhiteElo "1979"]
[BlackElo "2194"]
[PlyCount "82"]
[EventDate "2023.07.22"]
[EventType "tourn"]
[EventRounds "9"]
[EventCountry "FRA"]
[SourceTitle "CBM 215 Extra"]
[Source "ChessBase"]
[SourceDate "2023.09.30"]
[SourceVersion "1"]
[SourceVersionDate "2023.09.30"]
[SourceQuality "1"]

1. Nf3 Nf6 2. g3 d5 3. d3 c5 4. Bg2 Nc6 5. Nbd2 e6 6. 0-0 b6 7. e4 Bb7 8. Re1 Be7 9. c3 Qc7 10. Qe2 h6 11. h3 0-0-0 12. Nf1 g5 13. e5 Nd7 14. d4 Rdg8 15. Be3 h5 16. N3d2 f5 17. exf6 Bxf6 18. Nb3 c4 19. Nbd2 Re8 20. f4 gxf4 21. gxf4 Bh4 22. Rec1 b5 23. Nf3 Be7 24. Ng5 Nd8 25. Nh2 Bd6 26. Rf1 Ref8 27. Qd2 Rf5 28. h4 Rhf8 29. Bh3 R5f6 30. Nh7 Rg8+ 31. Kh1 Rfg6 32. Ng5 Kb8 33. Rg1 Nf8 34. Nhf3 Bc8 35. Ne5 Bxe5 36. dxe5 R6g7 37. a4 bxa4 38. Rxa4 d4 39. Qxd4 Qc6+ 40. Bg2 Qxa4 41. Qxd8 Nd7 0-1

[Event "Juvisy sur Orge (Women)"]
[Site "Juvisy sur Orge"]
[Date "2023.07.24"]
[Round "3"]
[White "Fonte Sanchez, Paula"]
[Black "Lam, Sophie"]
[Result "1-0"]
[WhiteElo "1979"]
[BlackElo "2064"]
[PlyCount "105"]
[EventDate "2023.07.22"]
[EventType "tourn"]
[EventRounds "9"]
[EventCountry "FRA"]
[SourceTitle "CBM 215 Extra"]
[Source "ChessBase"]
[SourceDate "2023.09.30"]
[SourceVersion "1"]
[SourceVersionDate "2023.09.30"]
[SourceQuality "1"]

1. Nf3 c5 2. g3 Nc6 3. Bg2 g6 4. 0-0 Bg7 5. e4 d6 6. d3 e6 7. Nbd2 Nge7 8. c3 0-0 9. Re1 b6 10. Nf1 Bb7 11. Bd2 Qd7 12. h4 Rad8 13. N1h2 d5 14. e5 d4 15. c4 Kh8 16. g4 f6 17. exf6 Bxf6 18. h5 gxh5 19. g5 Bg7 20. Nh4 Ne5 21. Bxb7 Qxb7 22. Qxh5 Kg8 23. Qe2 Nf5 24. Ng2 Rde8 25. f4 Ng6 26. Ng4 Qc6 27. Ne5 Bxe5 28. fxe5 Nfh4 29. Kh1 Nxg2 30. Qxg2 Qxg2+ 31. Kxg2 Rf5 32. Re4 Nxe5 33. Rf1 Kf7 34. Rxe5 Rxf1 35. Kxf1 Ke7 36. Kg2 Rf8 37. Re2 Rg8 38. Kf3 Rf8+ 39. Kg3 Rf1 40. Re1 Rf8 41. Bf4 Kd7 42. Rh1 Rf7 43. Rh6 a6 44. Rf6 Rg7 45. Rf8 h6 46. Ra8 Kc6 47. Rc8+ Kb7 48. Rc7+ Rxc7 49. Bxc7 hxg5 50. Bd8 b5 51. b3 Kc6 52. Bxg5 Kd6 53. Kf3 1-0

[Event "Juvisy sur Orge (Women)"]
[Site "Juvisy sur Orge"]
[Date "2023.07.22"]
[Round "1"]
[White "Fonte Sanchez, Paula"]
[Black "Belkhodja, Slim"]
[Result "0-1"]
[WhiteElo "1979"]
[BlackElo "2286"]
[PlyCount "94"]
[EventDate "2023.07.22"]
[EventType "tourn"]
[EventRounds "9"]
[EventCountry "FRA"]
[SourceTitle "CBM 215 Extra"]
[Source "ChessBase"]
[SourceDate "2023.09.30"]
[SourceVersion "1"]
[SourceVersionDate "2023.09.30"]
[SourceQuality "1"]

1. c4 e5 2. Nc3 d6 3. g3 g6 4. Bg2 Bg7 5. e3 Ne7 6. Nge2 0-0 7. d4 Nbc6 8. 0-0 exd4 9. exd4 Nf5 10. Be3 Nxe3 11. fxe3 Bg4 12. h3 Bxe2 13. Qxe2 f5 14. d5 Ne5 15. e4 Qg5 16. exf5 Qxg3 17. Ne4 Qd3 18. Qxd3 Nxd3 19. f6 Bh6 20. Rab1 Rae8 21. h4 Re5 22. b4 Rh5 23. Rb3 Nc1 24. Rh3 Ne2+ 25. Kh1 Nf4 26. Rh2 Rf5 27. Bf3 Nh5 28. Be2 Rxf1+ 29. Bxf1 Re8 30. Ng5 Nxf6 31. Ne6 c6 32. Rf2 Bg7 33. Bg2 cxd5 34. cxd5 Rc8 35. Re2 Rc1+ 36. Kh2 Ng4+ 37. Kg3 Ne5 38. a4 Rc3+ 39. Kh2 Ng4+ 40. Kg1 Be5 41. Bf1 h5 42. b5 b6 43. Nd8 Bd4+ 44. Kh1 Ne3 45. Bg2 Rc1+ 46. Kh2 Be5+ 47. Kh3 Rc3 0-1

[Event "Syre Memorial op 43th"]
[Site "Issy les Moulineaux"]
[Date "2022.05.26"]
[Round "2.3"]
[White "Lambrechts, Koen"]
[Black "Fonte Sanchez, Paula"]
[Result "1-0"]
[WhiteElo "2349"]
[BlackElo "1990"]
[PlyCount "47"]
[EventDate "2022.05.27"]
[EventType "swiss"]
[EventRounds "7"]
[EventCountry "FRA"]
[SourceTitle "EXT 2023"]
[Source "ChessBase"]
[SourceDate "2022.10.05"]
[SourceVersion "1"]
[SourceVersionDate "2022.10.05"]
[SourceQuality "1"]

1. e4 d5 2. exd5 Qxd5 3. Nc3 Qa5 4. a3 e5 5. Bc4 Nf6 6. Nge2 c6 7. 0-0 b5 8. Ba2 Nbd7 9. d4 Be7 10. d5 Bb7 11. d6 Bf8 12. Ng3 Qb6 13. Qe2 Bxd6 14. Bg5 0-0 15. Rad1 Bc7 16. Rxd7 Nxd7 17. Qg4 Qd4 18. Nce4 g6 19. Rd1 Qxb2 20. Rxd7 Qxa2 21. Nf6+ Kg7 22. Qh4 h5 23. Nfxh5+ gxh5 24. Bc1 1-0

[Event "CUB-ch U18 Girls"]
[Site "San Nicolas de Bari"]
[Date "2012.04.19"]
[Round "9"]
[White "Balanza Llama, Claudia de la C"]
[Black "Fonte Sanchez, Paula"]
[Result "1/2-1/2"]
[WhiteElo "1925"]
[BlackElo "2068"]
[PlyCount "106"]
[EventDate "2012.04.15"]
[EventType "swiss"]
[EventRounds "9"]
[EventCountry "CUB"]
[SourceTitle "CBM 148 Extra"]
[Source "ChessBase"]
[SourceDate "2012.06.22"]
[SourceVersion "1"]
[SourceVersionDate "2012.06.22"]
[SourceQuality "1"]

1. e4 c6 2. Nc3 d5 3. Nf3 dxe4 4. Nxe4 Bf5 5. Ng3 Bg6 6. h4 h6 7. Ne5 Bh7 8. Qh5 g6 9. Bc4 e6 10. Qe2 Qc7 11. d4 Nf6 12. c3 Bg7 13. Bf4 Nbd7 14. Nxd7 Qxd7 15. Qd2 Bg8 16. 0-0-0 Nd5 17. Be5 f6 18. Bf4 0-0-0 19. Rhe1 g5 20. hxg5 hxg5 21. Be3 Bf7 22. Bd3 Nf4 23. f3 Nxd3+ 24. Qxd3 Rh2 25. Qc2 Rdh8 26. Bg1 R2h4 27. Ne4 b6 28. Kb1 Kb7 29. Ka1 Qd8 30. Qb3 Ka8 31. Qa4 Be8 32. Qc4 Qd5 33. Qa6 Bf7 34. c4 Qd8 35. c5 Qc8 36. Qxc8+ Rxc8 37. Nd6 Rc7 38. Nxf7 Rxf7 39. Rxe6 Kb7 40. Rde1 Bf8 41. a3 bxc5 42. dxc5 Rc4 43. b3 Rc2 44. R6e2 Rc3 45. Kb2 Rd3 46. Re8 Rd2+ 47. Kc3 Rxg2 48. Bd4 g4 49. fxg4 Rxg4 50. Rd8 Bh6 51. Ree8 Bf4 52. Rf8 Rxf8 53. Rxf8 Be5 1/2-1/2

[Event "CUB-ch U18 Girls"]
[Site "San Nicolas de Bari"]
[Date "2012.04.18"]
[Round "8"]
[White "Fonte Sanchez, Paula"]
[Black "Sanchez Comesana, Angelica Maria"]
[Result "1-0"]
[WhiteElo "2068"]
[BlackElo "2054"]
[PlyCount "139"]
[EventDate "2012.04.15"]
[EventType "swiss"]
[EventRounds "9"]
[EventCountry "CUB"]
[SourceTitle "CBM 148 Extra"]
[Source "ChessBase"]
[SourceDate "2012.06.22"]
[SourceVersion "1"]
[SourceVersionDate "2012.06.22"]
[SourceQuality "1"]

1. c4 Nf6 2. Nc3 g6 3. g3 Bg7 4. Bg2 0-0 5. Nf3 d6 6. 0-0 Nbd7 7. Rb1 c6 8. d4 e5 9. dxe5 Nxe5 10. Nxe5 dxe5 11. Qc2 Bf5 12. e4 Be6 13. b3 Qc8 14. Bb2 Rd8 15. Rbd1 Qc7 16. Ne2 Nh5 17. Rxd8+ Rxd8 18. Rd1 Rd7 19. Rxd7 Qxd7 20. Nc1 Qd6 21. Qd3 Bf8 22. Qxd6 Bxd6 23. Nd3 f6 24. c5 Bf8 25. f3 Ng7 26. f4 exf4 27. gxf4 Kf7 28. Kf2 Ne8 29. Ke3 Nc7 30. Bd4 Nb5 31. Nb2 Nxd4 32. Kxd4 b6 33. Na4 b5 34. Nb2 Bd7 35. Nd3 Ke7 36. b4 g5 37. f5 Bg7 38. Bf3 a6 39. Nc1 Kd8 40. Ne2 Be8 41. Ng3 Bf7 42. a3 Kd7 43. Bd1 Ke7 44. Nh5 Bxh5 45. Bxh5 Kd7 46. Ke3 Bh6 47. Bg4 Ke7 48. Kf3 Bf8 49. Bh5 Bh6 50. Kg4 Bg7 51. Kf3 Bh6 52. Bg4 Bg7 53. Kg3 Bh6 54. h3 Bg7 55. Bf3 Kd7 56. Kg4 Bf8 57. Kh5 Kc7 58. Bd1 Kd7 59. Bb3 Kc7 60. Bg8 Kd7 61. Bxh7 Ke7 62. Bg8 Kd8 63. Kg6 Be7 64. Be6 a5 65. Kf7 a4 66. e5 g4 67. hxg4 fxe5 68. f6 Bxc5 69. bxc5 e4 70. Kg7 1-0

[Event "CUB-ch U18 Girls"]
[Site "San Nicolas de Bari"]
[Date "2012.04.16"]
[Round "3"]
[White "Sanchez Ferrer, Montserrat de La"]
[Black "Fonte Sanchez, Paula"]
[Result "0-1"]
[WhiteElo "1908"]
[BlackElo "2068"]
[PlyCount "132"]
[EventDate "2012.04.15"]
[EventType "swiss"]
[EventRounds "9"]
[EventCountry "CUB"]
[SourceTitle "CBM 148 Extra"]
[Source "ChessBase"]
[SourceDate "2012.06.22"]
[SourceVersion "1"]
[SourceVersionDate "2012.06.22"]
[SourceQuality "1"]

1. e4 c6 2. d4 d5 3. exd5 cxd5 4. Bd3 Nf6 5. Nd2 Nc6 6. c3 Bg4 7. Ngf3 e6 8. h3 Bh5 9. 0-0 Bd6 10. Re1 0-0 11. Qc2 Qc7 12. Bb5 Bxf3 13. Nxf3 a6 14. Bxc6 bxc6 15. c4 Ne4 16. c5 Be7 17. Ne5 Bg5 18. Bxg5 Nxg5 19. Qa4 Rfc8 20. Re3 a5 21. Rb3 f6 22. Nd3 Rab8 23. Rxb8 Rxb8 24. b4 Rb5 25. Re1 Kf7 26. Qb3 axb4 27. Nxb4 Ne4 28. a4 Rb7 29. f3 Qg3 30. Re2 Nd2 31. Qc3 Nxf3+ 32. Qxf3 Qxf3 33. gxf3 Rxb4 34. Ra2 Rxd4 35. a5 Rb4 36. Kf2 Ke7 37. a6 Rb8 38. Ke3 Kd7 39. f4 Kc7 40. h4 Rb3+ 41. Kf2 Kb8 42. a7+ Ka8 43. Ra6 Rb4 44. Ke3 e5 45. fxe5 fxe5 46. Rxc6 Kxa7 47. Re6 Re4+ 48. Kd3 Kb7 49. h5 Rh4 50. Rxe5 Kc6 51. Rg5 Kxc5 52. Rxg7 Rxh5 53. Rc7+ Kd6 54. Rc8 Rh3+ 55. Kd2 Ke5 56. Re8+ Kd4 57. Re2 Ra3 58. Re7 Ra2+ 59. Ke1 Rh2 60. Kd1 Kd3 61. Ke1 Kd4 62. Rd7 Rh4 63. Rc7 h5 64. Rf7 Ke3 65. Re7+ Kd3 66. Rc7 d4 0-1

[Event "Havana Province-ch 1st Cat (Women)"]
[Site "Havana"]
[Date "2010.10.31"]
[Round "11"]
[White "Fonte Sanchez, Paula"]
[Black "Fonte Sanchez, Claudia"]
[Result "1/2-1/2"]
[WhiteElo "1971"]
[BlackElo "1984"]
[PlyCount "47"]
[EventDate "2010.10.19"]
[EventType "tourn"]
[EventRounds "14"]
[EventCountry "CUB"]
[SourceTitle "EXT 2019"]
[Source "ChessBase"]
[SourceDate "2018.10.10"]
[SourceVersion "1"]
[SourceVersionDate "2018.10.10"]
[SourceQuality "1"]

1. e4 e5 2. Bc4 Nf6 3. d3 Bc5 4. Nf3 Nc6 5. Nc3 d6 6. h3 h6 7. Be3 Bxe3 8. fxe3 Be6 9. Bxe6 fxe6 10. 0-0 0-0 11. d4 exd4 12. exd4 e5 13. d5 Ne7 14. Nd2 Ng6 15. g3 Qd7 16. Kg2 Ne7 17. Ne2 Qb5 18. b3 Rf7 19. c4 Qd7 20. Rf3 Raf8 21. Qc2 Ne8 22. Raf1 Rxf3 23. Rxf3 Rxf3 24. Nxf3 1/2-1/2

[Event "Havana Province-ch 1st Cat (Women)"]
[Site "Havana"]
[Date "2010.10.24"]
[Round "6"]
[White "Fonte Sanchez, Paula"]
[Black "Cordero Suarez, Greisy"]
[Result "0-1"]
[WhiteElo "1971"]
[BlackElo "2024"]
[PlyCount "114"]
[EventDate "2010.10.19"]
[EventType "tourn"]
[EventRounds "14"]
[EventCountry "CUB"]
[SourceTitle "EXT 2019"]
[Source "ChessBase"]
[SourceDate "2018.10.10"]
[SourceVersion "1"]
[SourceVersionDate "2018.10.10"]
[SourceQuality "1"]

1. Nf3 Nf6 2. g3 e6 3. Bg2 d5 4. d3 c5 5. Nbd2 Nc6 6. e4 b6 7. 0-0 Bb7 8. Re1 Be7 9. c3 d4 10. c4 e5 11. a3 0-0 12. Nh4 Re8 13. Nf1 a6 14. Nf5 Bf8 15. Bg5 h6 16. Bd2 Ne7 17. Nxe7+ Qxe7 18. f4 Nd7 19. Rb1 Bc6 20. Bh3 b5 21. b3 Qd8 22. Bxd7 Qxd7 23. f5 Reb8 24. Qc2 Rb7 25. Bc1 Rab8 26. Nd2 Rb6 27. Rf1 Qb7 28. cxb5 Bxb5 29. Ra1 a5 30. a4 Ba6 31. Ba3 Qc7 32. Rfc1 Rc6 33. Rab1 Rc8 34. Nc4 Be7 35. h4 g6 36. Qe2 Rb8 37. fxg6 Rxg6 38. Kh2 Bc8 39. Qe1 Qd7 40. Qf1 Qg4 41. Rc2 Qxg3+ 42. Kh1 Bg4 43. Rf2 Qxh4+ 44. Rh2 Qg3 45. Nd2 Bg5 46. Rg2 Qh3+ 47. Rh2 Qxf1+ 48. Rxf1 Bf4 49. Rg2 Rg5 50. Nf3 Bxf3 51. Rxf3 Rxb3 52. Rxg5+ hxg5 53. Bxc5 g4 54. Rf1 Rxd3 55. Ra1 Rh3+ 56. Kg1 g3 57. Bb6 Rh2 0-1

[Event "Havana Province-ch U14 Girls"]
[Site "Havana"]
[Date "2010.04.01"]
[Round "9"]
[White "Rodriguez Caballero, Mayrelis"]
[Black "Fonte Sanchez, Paula"]
[Result "1-0"]
[WhiteElo "1914"]
[BlackElo "1890"]
[PlyCount "41"]
[EventDate "2010.03.21"]
[EventType "tourn"]
[EventRounds "13"]
[EventCountry "CUB"]
[EventCategory "1"]
[SourceTitle "EXT 2012"]
[Source "ChessBase"]
[SourceDate "2011.11.24"]
[SourceVersion "1"]
[SourceVersionDate "2011.11.24"]
[SourceQuality "1"]

1. e4 c5 2. c3 d5 3. exd5 Qxd5 4. d4 cxd4 5. cxd4 Nc6 6. Nf3 Bg4 7. Be2 e6 8. Nc3 Bb4 9. 0-0 Qd8 10. a3 Bxc3 11. bxc3 Nf6 12. Bg5 Qa5 13. Bxf6 gxf6 14. Qb3 Rb8 15. h3 Bh5 16. Rfd1 Ne7 17. c4 0-0 18. d5 exd5 19. cxd5 Rfd8 20. d6 Nc8 21. Rd5 1-0

[Event "Havana Province-ch U14 Girls"]
[Site "Havana"]
[Date "2010.03.23"]
[Round "2"]
[White "Fonte Sanchez, Paula"]
[Black "Rodriguez Perez, Roxana"]
[Result "1-0"]
[WhiteElo "1890"]
[BlackElo "1945"]
[PlyCount "99"]
[EventDate "2010.03.21"]
[EventType "tourn"]
[EventRounds "13"]
[EventCountry "CUB"]
[EventCategory "1"]
[SourceTitle "EXT 2012"]
[Source "ChessBase"]
[SourceDate "2011.11.24"]
[SourceVersion "1"]
[SourceVersionDate "2011.11.24"]
[SourceQuality "1"]

1. e4 c5 2. Nc3 d6 3. d3 Nc6 4. g3 Nf6 5. Bg2 e6 6. h3 Be7 7. Be3 d5 8. exd5 exd5 9. Bd2 Be6 10. Nge2 Rc8 11. Nf4 Qd7 12. 0-0 0-0 13. Nxe6 Qxe6 14. Re1 Qd7 15. Kh2 Rfe8 16. Bf4 d4 17. Ne2 Nd5 18. Bd2 Bf6 19. Be4 Be5 20. Bxd5 Qxd5 21. Nf4 Bxf4 22. Bxf4 Ne5 23. Bxe5 Rxe5 24. Rxe5 Qxe5 25. Qf3 b6 26. Qb7 Qc7 27. Qf3 Re8 28. Re1 Rd8 29. Qe4 Qd7 30. Qe7 h6 31. Qxd7 Rxd7 32. Re8+ Kh7 33. Kg2 Kg6 34. Kf3 Kf6 35. Ke4 Rd6 36. f4 g5 37. f5 Rd7 38. g4 Re7+ 39. Rxe7 Kxe7 40. Kd5 Kf6 41. Kd6 h5 42. gxh5 Kxf5 43. Ke7 g4 44. hxg4+ Kxg4 45. h6 f5 46. h7 f4 47. h8Q f3 48. Qh2 b5 49. Kd6 c4 50. Kd5 1-0

[Event "Maria Teresa Mora Memorial IM3"]
[Site "Havana"]
[Date "2010.03.15"]
[Round "11"]
[White "Fonte Sanchez, Paula"]
[Black "Rodriguez Caballero, Mayrelis"]
[Result "0-1"]
[WhiteElo "1890"]
[BlackElo "1914"]
[PlyCount "46"]
[EventDate "2010.03.05"]
[EventType "tourn"]
[EventRounds "11"]
[EventCountry "CUB"]
[SourceTitle "EXT 2019"]
[Source "ChessBase"]
[SourceDate "2018.10.10"]
[SourceVersion "1"]
[SourceVersionDate "2018.10.10"]
[SourceQuality "1"]

1. e4 e5 2. Bc4 Nf6 3. d3 Nc6 4. Nf3 Bc5 5. Nc3 d6 6. h3 Be6 7. Bb3 Bxb3 8. axb3 h6 9. Be3 Bxe3 10. fxe3 d5 11. exd5 Nxd5 12. e4 Ne3 13. Qd2 Nd4 14. Nxd4 exd4 15. Qf2 Qe7 16. Ra4 Qc5 17. b4 Qc6 18. Ra3 0-0 19. Kd2 f5 20. b5 Qc5 21. e5 dxc3+ 22. Rxc3 Nc4+ 23. Ke2 Qxe5+ 0-1

[Event "Maria Teresa Mora Memorial IM3"]
[Site "Havana"]
[Date "2010.03.14"]
[Round "10"]
[White "Alarcon Vazquez, Lietis"]
[Black "Fonte Sanchez, Paula"]
[Result "1-0"]
[WhiteElo "1935"]
[BlackElo "1890"]
[PlyCount "71"]
[EventDate "2010.03.05"]
[EventType "tourn"]
[EventRounds "11"]
[EventCountry "CUB"]
[SourceTitle "EXT 2019"]
[Source "ChessBase"]
[SourceDate "2018.10.10"]
[SourceVersion "1"]
[SourceVersionDate "2018.10.10"]
[SourceQuality "1"]

1. e4 c5 2. c3 d5 3. exd5 Qxd5 4. d4 cxd4 5. cxd4 Nc6 6. Nf3 Bg4 7. Be2 e6 8. 0-0 Nf6 9. Nc3 Qd7 10. Be3 Be7 11. h3 Bxf3 12. Bxf3 Nb4 13. Rc1 0-0 14. Qe2 Nbd5 15. Ne4 Nxe4 16. Bxe4 Rfc8 17. Qh5 Nf6 18. Qf3 Nxe4 19. Qxe4 Bf6 20. g4 Qb5 21. b3 h5 22. gxh5 Qd5 23. Qg4 Kh7 24. Rfd1 b6 25. h4 a5 26. Rc4 Rxc4 27. bxc4 Qb7 28. d5 exd5 29. cxd5 Rd8 30. Qf5+ Kg8 31. Bg5 Qd7 32. Qxd7 Rxd7 33. Bxf6 gxf6 34. a4 Kg7 35. Kg2 Kh6 36. d6 1-0

[Event "Maria Teresa Mora Memorial IM3"]
[Site "Havana"]
[Date "2010.03.09"]
[Round "5"]
[White "Calveira Leon, Jesus"]
[Black "Fonte Sanchez, Paula"]
[Result "1-0"]
[WhiteElo "2043"]
[BlackElo "1890"]
[PlyCount "60"]
[EventDate "2010.03.05"]
[EventType "tourn"]
[EventRounds "11"]
[EventCountry "CUB"]
[SourceTitle "EXT 2019"]
[Source "ChessBase"]
[SourceDate "2018.10.10"]
[SourceVersion "1"]
[SourceVersionDate "2018.10.10"]
[SourceQuality "1"]

1. d4 d5 2. c4 e6 3. Nc3 Nf6 4. cxd5 exd5 5. Bg5 Nbd7 6. e3 Be7 7. Bd3 c6 8. Nge2 0-0 9. Qc2 h6 10. Bh4 Re8 11. 0-0 Ne4 12. Bxe7 Qxe7 13. Bxe4 dxe4 14. d5 Qh4 15. dxc6 bxc6 16. Nxe4 Ba6 17. Rfd1 Bd3 18. Qa4 Ne5 19. Nc5 Qg4 20. Ng3 f5 21. Rd2 Kh7 22. Qd1 Qg5 23. b3 Ng4 24. Ne2 Bxe2 25. Qxe2 h5 26. h3 Nf6 27. Qc4 Nd5 28. Qe2 g6 29. Rc1 Rac8 30. Kh2 h4 1-0

[Event "Maria Teresa Mora Memorial IM3"]
[Site "Havana"]
[Date "2010.03.05"]
[Round "1"]
[White "Roca Rojas, Ana Flavia"]
[Black "Fonte Sanchez, Paula"]
[Result "0-1"]
[WhiteElo "1983"]
[BlackElo "1890"]
[PlyCount "100"]
[EventDate "2010.03.05"]
[EventType "tourn"]
[EventRounds "11"]
[EventCountry "CUB"]
[SourceTitle "EXT 2019"]
[Source "ChessBase"]
[SourceDate "2018.10.10"]
[SourceVersion "1"]
[SourceVersionDate "2018.10.10"]
[SourceQuality "1"]

1. e4 c5 2. Nf3 d6 3. c3 Nf6 4. Be2 Nc6 5. d3 g6 6. Qc2 Bg7 7. Be3 a6 8. 0-0 0-0 9. Rd1 Bd7 10. Nbd2 Ng4 11. Nf1 Nxe3 12. Nxe3 b5 13. d4 cxd4 14. cxd4 Rc8 15. Qd2 Qa5 16. Qxa5 Nxa5 17. Rdc1 e6 18. b3 f5 19. e5 Nc6 20. exd6 Nxd4 21. Nxd4 Rxc1+ 22. Rxc1 Bxd4 23. Rc7 Rd8 24. Bf3 Bb6 25. Rc1 Be8 26. Rd1 Bc5 27. Bb7 a5 28. Nc2 Bxd6 29. g3 Kf7 30. Kg2 Bc7 31. Rxd8 Bxd8 32. f4 Bb6 33. Ne1 Kf6 34. Nf3 b4 35. Ne5 g5 36. Nc4 Bc7 37. Kf3 Bh5+ 38. Ke3 gxf4+ 39. gxf4 Bd1 40. Bc6 Bc2 41. h3 Bb1 42. a3 Bc2 43. axb4 axb4 44. Nd2 Bb6+ 45. Ke2 Bd4 46. Nf3 Bb2 47. Ba4 Bc1 48. Nd4 Be4 49. Bd7 Bd5 50. Nc2 Bxf4 0-1

[Event "Havana-ch phase1 (Women)"]
[Site "Havana"]
[Date "2009.10.15"]
[Round "10"]
[White "Fonte Sanchez, Paula"]
[Black "Blanco Garcia, Liliam Barbara"]
[Result "1-0"]
[WhiteElo "1861"]
[BlackElo "2020"]
[PlyCount "101"]
[EventDate "2009.10.03"]
[EventType "tourn"]
[EventRounds "11"]
[EventCountry "CUB"]
[EventCategory "1"]
[SourceTitle "EXT 2012"]
[Source "ChessBase"]
[SourceDate "2011.11.24"]
[SourceVersion "1"]
[SourceVersionDate "2011.11.24"]
[SourceQuality "1"]

1. e4 c5 2. Nc3 Nc6 3. g3 g6 4. Bg2 Bg7 5. d3 d6 6. Be3 e5 7. Qd2 Nge7 8. Bh6 0-0 9. h4 Bxh6 10. Qxh6 f6 11. Qd2 Nd4 12. Nge2 f5 13. exf5 Ndxf5 14. h5 Be6 15. hxg6 Nxg6 16. Ne4 Bd5 17. Nf6+ Qxf6 18. Bxd5+ Kh8 19. Nc3 Nd4 20. 0-0-0 Nf3 21. Bxf3 Qxf3 22. Qh6 Qf7 23. Ne4 Qg7 24. Nxd6 Rxf2 25. Qxg7+ Kxg7 26. Nxb7 Rc8 27. Nd6 Rc6 28. Ne4 Rf8 29. Rh2 h6 30. Rdh1 Ne7 31. Rh5 Rf5 32. g4 Rxh5 33. Rxh5 Ng6 34. Kd2 c4 35. Ng3 cxd3 36. cxd3 Ra6 37. Nf5+ Kf6 38. a3 Ra4 39. Nxh6 Nf4 40. Rf5+ Ke6 41. Nf7 Ng6 42. Ng5+ Kd5 43. Ne4 Ra6 44. Rf6 Rxf6 45. Nxf6+ Ke6 46. Ne4 Nf4 47. g5 Nd5 48. b4 Nb6 49. g6 Nc8 50. Ke3 Ne7 51. Nc5+ 1-0

[Event "Havana-ch phase1 (Women)"]
[Site "Havana"]
[Date "2009.10.12"]
[Round "7"]
[White "Rodriguez Perez, Roxalia"]
[Black "Fonte Sanchez, Paula"]
[Result "0-1"]
[WhiteElo "1994"]
[BlackElo "1861"]
[PlyCount "74"]
[EventDate "2009.10.03"]
[EventType "tourn"]
[EventRounds "11"]
[EventCountry "CUB"]
[EventCategory "1"]
[SourceTitle "EXT 2012"]
[Source "ChessBase"]
[SourceDate "2011.11.24"]
[SourceVersion "1"]
[SourceVersionDate "2011.11.24"]
[SourceQuality "1"]

1. e4 c5 2. Nc3 Nc6 3. f4 g6 4. Nf3 Bg7 5. Bc4 d6 6. 0-0 e6 7. d3 Nge7 8. Qe1 Nd4 9. Nxd4 cxd4 10. Ne2 0-0 11. Ng3 d5 12. exd5 Nxd5 13. Ne4 b6 14. Rb1 Bb7 15. a3 Rc8 16. Bb3 a5 17. Bd2 Ne3 18. Rf2 Nxc2 19. Bxc2 Rxc2 20. Bb4 Rxf2 21. Bxf8 Rc2 22. Bxg7 Kxg7 23. Qd1 Qc7 24. Nf2 Qc6 25. Qg4 Rc1+ 26. Rxc1 Qxc1+ 27. Nd1 Qd2 28. Kf1 Bxg2+ 29. Qxg2 Qxd1+ 30. Kf2 Qxd3 31. Qf3 Qxf3+ 32. Kxf3 f5 33. Ke2 Kf6 34. Kd3 e5 35. fxe5+ Kxe5 36. b4 axb4 37. axb4 b5 0-1

[Event "Havana-ch phase1 (Women)"]
[Site "Havana"]
[Date "2009.10.11"]
[Round "6"]
[White "Fonte Sanchez, Paula"]
[Black "Rafoso Mendiondo, Maria Cristina"]
[Result "1-0"]
[WhiteElo "1861"]
[BlackElo "2046"]
[PlyCount "61"]
[EventDate "2009.10.03"]
[EventType "tourn"]
[EventRounds "11"]
[EventCountry "CUB"]
[EventCategory "1"]
[SourceTitle "EXT 2012"]
[Source "ChessBase"]
[SourceDate "2011.11.24"]
[SourceVersion "1"]
[SourceVersionDate "2011.11.24"]
[SourceQuality "1"]

1. e4 c5 2. Nc3 Nc6 3. g3 d6 4. d3 e5 5. Bg2 Be7 6. Be3 Nf6 7. h3 Be6 8. Qd2 g6 9. Nge2 Nd4 10. f4 Qb6 11. Rb1 Qa6 12. 0-0 h5 13. Nd5 Nxd5 14. exd5 Bf5 15. fxe5 dxe5 16. Nc3 f6 17. Kh2 Nxc2 18. Qxc2 Bxd3 19. Qf2 Bxb1 20. Rxb1 Rc8 21. d6 Qxd6 22. Bxb7 Rc7 23. Nd5 Qb6 24. Nxc7+ Qxc7 25. Bg2 f5 26. Rc1 h4 27. Bxc5 hxg3+ 28. Qxg3 Kf7 29. Bd5+ Kg7 30. Bd4 Qxc1 31. Qxe5+ 1-0